| 000 | 00719nam a2200265 c 4500 | ||
|---|---|---|---|
| 003 | BLK | ||
| 005 | 20240517094026.0 | ||
| 008 | 180408b bul|||||r ||||||| ||bul|| | ||
| 010 | _aKNG00053370000 | ||
| 040 | _aBLK | ||
| 041 |
_aDEU _cDEU |
||
| 139 | _aKRITISCHES Lexikon zur deutschsprachigen Gegenwartsliteratur | ||
| 245 | 1 | 0 |
_aKRITISCHES Lexikon zur deutschsprachigen Gegenwartsliteratur _bBd. 1-9 _nBd. 5 |
| 260 |
_bText+Kritik _c1995 |
||
| 300 | _c21 cm | ||
| 380 | _a82 | ||
| 760 | 1 |
_h[1058] c _tBd. 5 |
|
| 852 | _aЦБ 187719 | ||
| 856 | 4 | _qpdf | |
| 856 | 4 | _qpdf | |
| 942 |
_cKNG _n0 |
||
| 944 |
_aCR _c01.01.1999 _k30556 _lТеодора Пейчева-Дянкова |
||
| 944 |
_aED _c07.02.2017 _kЛили_Борисова |
||
| 999 |
_c49515 _d49515 |
||
| 999 | _d49515 | ||